Sports Quiz

Random Sports or Nation Quiz
Score 0/69 Timer 20:00
0 Plays Today
Nation (Apps) Player % Correct
Algeria (206*)Riyad Mahrez
81.3%
England (653)Gareth Barry
70.9%
Chile (154)Alexis Sanchez
58.8%
Australia (514)Mark Schwarzer
51.5%
Armenia (78)Henrikh Mkhitaryan
49.6%
Ecuador (325)Antonio Valencia
47.2%
Mexico (158)Javier Hernandez
46.9%
Bulgaria (229)Dimitar Berbatov
46.5%
Czech Republic (443)Petr Cech
46.3%
Argentina (303)Pablo Zabaleta
43.4%
Ivory Coast (353)Kolo Toure
42.3%
Belarus (108)Alex Hleb
39.4%
Belgium (265)Vincent Kompany
36.9%
Ghana (168)Michael Essien
34.8%
Israel (194)Yossi Benayoun
33.2%
Kenya (154)Victor Wanyama
32.8%
Italy (229)Gianfranco Zola
31%
Costa Rica (156)Paulo Wanchope
29.9%
Gabon (95*)Pierre-Emerick Aubameyang
28%
Bosnia (252)Asmir Begovic
23.4%
Cameroon (190)Alex Song
22.3%
Angola (14)Manucho
21.8%
Estonia (138)Mart Poom
21.6%
Bermuda (52)Shaun Goater
21.5%
Mali (144)Frederic Kanoute
20.3%
China (123)Sun Jihai
20.2%
Georgia (102)Georgi Kinkladze
20.2%
Latvia (129)Marian Pahars
20.1%
Montenegro (30)Stevan Jovetic
18.2%
Finland (436)Jussi Jaaskelainen
18.1%
Japan (154)Maya Yoshida
17.9%
Hungary (172)Zoltan Gera
17.2%
Albania (31)Lorik Cana
16.9%
Benin (166)Stephane Sessegnon
16.6%
Germany (323)Robert Huth
15.8%
Nation (Apps) Player % Correct
Canada (194)Tomasz Radzinski
15.7%
Brazil (247)Lucas Leiva
14.8%
Burkina Faso (17*)Bertrand Traore
13.9%
Colombia (175)Juan Pablo Angel
13.5%
Grenada (221)Jason Roberts
12.7%
France (469)Sylvain Distin
12.3%
Croatia (162)Dejan Lovren
12.2%
Honduras (214)Maynor Figueroa
12.1%
Austria (221)Paul Scharner
11.2%
Burundi (133)Saido Berahino
10.3%
Egypt (186*)Ahmed Elmohamady
10%
Liberia (29)Christopher Wreh
9.8%
Denmark (364)Thomas Sorensen
9.6%
Congo (171)Chris Samba
9.4%
Montserrat (223)Ruel Fox
8.7%
Barbados (221)Emmerson Boyce
7.7%
Iceland (332)Hermann Hreidarsson
6.3%
Guayana (111)Carl Cort
5.3%
Bolivia (12)Marcelo Moreno
5%
Greece (148)Nikolaos Dabizas
4.8%
Faroe Islands (1)Gunnar Nielsen
4.6%
Iran (43)Ashkan Dejagah
4.5%
Morocco (112) Hassan Kachloul
4.1%
Gambia (51)Modou Barrow
4%
Curacao (96)Leandro Bacuna
3.8%
Antigua and Barbuda (69)Mikele Leigertwood
3.5%
Jamaica (288)Frank Sinclair
2.7%
Macedonia (23)Georgi Hristov
2.5%
Cape Verde (3)Pele
2.1%
Lithuania (2)Tomas Danilevicius
0.8%
DR Congo (89*)Arthur Masuaku
0.8%
Cyprus (7)Nicos Papavasiliou
0.7%
Central African Republic (2)Frederic Nimani
0.5%
Guinea (55)Kamil Zayatte
0.3%
Remove Ads.
Support Sporcle.
Get the best of Sporcle when you Go Orange. This ad-free experience offers more features, more stats, and more fun while also helping to support Sporcle. Thank you for becoming a member.

You're not logged in!

Compare scores with friends on all Sporcle quizzes.
OR
Log In

Show Comments

Extras

Top Quizzes Today


Score Distribution

Your Account Isn't Verified!

In order to create a playlist on Sporcle, you need to verify the email address you used during registration. Go to your Sporcle Settings to finish the process.

Report this User

Report this user for behavior that violates our Community Guidelines.

Details: